[Event "Metz op"]
[Site "Metz FRA"]
[Date "2019.04.08"]
[Round "6.5"]
[White "Golubka, Petro"]
[Black "Shchekachev, Andrei"]
[Result "1/2-1/2"]
[WhiteElo "2485"]
[BlackElo "2522"]
[WhiteFideId "-1"]
[BlackFideId "-1"]
[PlyCount "87"]
[GameId "2130307610309154"]
[EventDate "2019.04.08"]
[EventType "swiss"]
[EventRounds "9"]
[EventCountry "FRA"]
[SourceTitle "10 Days #576"]
[Source "ChessMix"]
[SourceDate "2019.04.20"]
[SourceVersion "1"]
[SourceVersionDate "2019.04.20"]
[SourceQuality "1"]
[BlackTeam "Tremblay en France"]

1. e4 c5 2. Nf3 e6 3. d4 cxd4 4. Nxd4 Nc6 5. Nc3 Qc7 6. Be3 a6 7. Qd2 Nf6 8. O-O-O Be7 9. f3 b5 10. g4 Nxd4 11. Bxd4 Bb7 12. h4 Rc8 13. Kb1 O-O 14. g5 Nh5 15. Bd3 Nf4 16. Rhg1 b4 17. Na4 e5 18. Bb6 Qc6 19. b3 d5 20. exd5 Qxd5 21. Bf5 Qxd2 22. Rxd2 Bxf3 23. Bxc8 Rxc8 24. Be3 Ng6 25. Nb6 Re8 26. Bf2 e4 27. Nd5 Bf8 28. Re1 a5 29. Nb6 Ne5 30. Nd7 Ng4 31. Nxf8 Nxf2 32. Rxf2 Kxf8 33. Kc1 h6 34. Kd2 hxg5 35. hxg5 Re5 36. g6 Rd5+ 37. Ke3 fxg6 38. Rd2 Rc5 39. a3 bxa3 40. c4 g5 41. Ra2 g4 42. Rg1 Rc7 43. Rxa3 Rd7 44. Rxa5 1/2-1/2

[Event "Metz op"]
[Site "Metz FRA"]
[Date "2019.04.08"]
[Round "7.5"]
[White "Omelja, Artem"]
[Black "Golubka, Petro"]
[Result "0-1"]
[WhiteElo "2472"]
[BlackElo "2485"]
[WhiteFideId "-1"]
[BlackFideId "-1"]
[PlyCount "76"]
[GameId "2130307610309172"]
[EventDate "2019.04.08"]
[EventType "swiss"]
[EventRounds "9"]
[EventCountry "FRA"]
[SourceTitle "10 Days #576"]
[Source "ChessMix"]
[SourceDate "2019.04.20"]
[SourceVersion "1"]
[SourceVersionDate "2019.04.20"]
[SourceQuality "1"]

1. Nf3 g6 2. c4 Bg7 3. d4 Nf6 4. Nc3 d5 5. cxd5 Nxd5 6. e4 Nxc3 7. bxc3 c5 8. Be3 O-O 9. Qd2 Bg4 10. d5 Qa5 11. Rc1 Nd7 12. Ng5 Nf6 13. h3 Bd7 14. Bd3 h6 15. Nf3 c4 16. Bb1 Kh7 17. Nd4 Rad8 18. O-O e6 19. dxe6 Bxe6 20. Qb2 Bc8 21. Qb5 Qxb5 22. Nxb5 a6 23. Nd4 Rfe8 24. f3 Nd5 25. Bf2 Nxc3 26. Rxc3 Rxd4 27. Rcc1 b5 28. Bxd4 Bxd4+ 29. Kh2 Be6 30. Bc2 c3 31. Bb3 b4 32. Rc2 a5 33. Rd1 Be5+ 34. Kg1 Bxb3 35. axb3 a4 36. Rb1 a3 37. Rd1 Ra8 38. Ra2 c2 0-1

[Event "Metz op"]
[Site "Metz FRA"]
[Date "2019.04.08"]
[Round "8.3"]
[White "Feller, Sebastien"]
[Black "Golubka, Petro"]
[Result "1-0"]
[WhiteElo "2586"]
[BlackElo "2485"]
[WhiteFideId "-1"]
[BlackFideId "-1"]
[PlyCount "73"]
[GameId "2130307610309187"]
[EventDate "2019.04.08"]
[EventType "swiss"]
[EventRounds "9"]
[EventCountry "FRA"]
[SourceTitle "10 Days #576"]
[Source "ChessMix"]
[SourceDate "2019.04.20"]
[SourceVersion "1"]
[SourceVersionDate "2019.04.20"]
[SourceQuality "1"]
[WhiteTeam "Club d'Echecs Metz Fischer"]

1. c4 Nf6 2. Nc3 d5 3. cxd5 Nxd5 4. g3 g6 5. Bg2 Nxc3 6. bxc3 Bg7 7. Rb1 c6 8. h4 h5 9. Nh3 O-O 10. Ng5 Nd7 11. O-O Nb6 12. Qb3 Bg4 13. Re1 Bf5 14. e4 Bg4 15. d4 c5 16. dxc5 Nd7 17. Be3 Ne5 18. f4 Nc6 19. Qxb7 Na5 20. Qa6 Bc8 21. Qe2 Bg4 22. Qa6 Bc8 23. Qf1 e5 24. f5 Qc7 25. Red1 Rb8 26. Rxb8 Qxb8 27. c6 Qc7 28. Bc5 Re8 29. fxg6 f6 30. Nf7 Qxc6 31. Bb4 Nc4 32. Qf2 a5 33. Qc5 Qa6 34. Bf1 Be6 35. Rd8 Rxd8 36. Nxd8 axb4 37. Nxe6 1-0

[Event "Metz op"]
[Site "Metz FRA"]
[Date "2019.04.08"]
[Round "9.5"]
[White "Golubka, Petro"]
[Black "Maiorov, Nikita"]
[Result "1/2-1/2"]
[WhiteElo "2485"]
[BlackElo "2540"]
[WhiteFideId "-1"]
[BlackFideId "-1"]
[PlyCount "99"]
[GameId "2130307610309206"]
[EventDate "2019.04.08"]
[EventType "swiss"]
[EventRounds "9"]
[EventCountry "FRA"]
[SourceTitle "10 Days #576"]
[Source "ChessMix"]
[SourceDate "2019.04.20"]
[SourceVersion "1"]
[SourceVersionDate "2019.04.20"]
[SourceQuality "1"]

1. d4 Nf6 2. Nf3 e6 3. g3 b6 4. Bg2 Bb7 5. O-O Be7 6. c4 O-O 7. d5 exd5 8. Nh4 c6 9. cxd5 Nxd5 10. Nf5 Nc7 11. e4 d5 12. Nc3 Bf6 13. Bf4 Nba6 14. Nd6 Bc8 15. exd5 Bxc3 16. bxc3 Nxd5 17. Be5 Nc5 18. c4 Ne7 19. h4 Be6 20. h5 f6 21. Bf4 Qd7 22. Re1 Rad8 23. Qe2 g5 24. Be3 Bg4 25. f3 Bxf3 26. Bxf3 Qxd6 27. Bf2 Rde8 28. Rad1 Qc7 29. Kg2 Qc8 30. Bxc5 bxc5 31. Qe3 Ng6 32. Qxc5 Ne5 33. Be4 Qg4 34. h6 Qh5 35. Qxa7 Rf7 36. Qf2 Ng4 37. Qg1 Rfe7 38. Bf3 Rxe1 39. Rxe1 Rxe1 40. Qxe1 Qh2+ 41. Kf1 Nxh6 42. Bxc6 Qxa2 43. Qe8+ Kg7 44. Qe7+ Nf7 45. Bd5 Qb1+ 46. Kf2 Qf5+ 47. Kg2 Qc2+ 48. Kg1 Qb1+ 49. Kg2 Qc2+ 50. Kg1 1/2-1/2

[Event "EUR-ch"]
[Site "Skopje MKD"]
[Date "2019.03.18"]
[Round "1.157"]
[White "Andolfatto, Maria"]
[Black "Golubka, Petro"]
[Result "0-1"]
[WhiteElo "2033"]
[BlackElo "2468"]
[WhiteFideId "-1"]
[BlackFideId "-1"]
[PlyCount "88"]
[GameId "2130307610730874"]
[EventDate "2019.03.18"]
[EventType "swiss"]
[EventRounds "11"]
[EventCountry "MKD"]
[SourceTitle "10 Days #574"]
[Source "ChessMix"]
[SourceDate "2019.04.01"]
[SourceVersion "1"]
[SourceVersionDate "2019.04.01"]
[SourceQuality "1"]

1. Nf3 Nf6 2. c4 g6 3. g3 Bg7 4. Bg2 O-O 5. Nc3 d5 6. cxd5 Nxd5 7. O-O Nc6 8. d4 Bf5 9. Nd2 Ndb4 10. e4 Bc8 11. d5 Ne5 12. Nb3 c6 13. a3 Nbd3 14. Qc2 cxd5 15. Nxd5 Bd7 16. Rd1 Rc8 17. Qe2 Ba4 18. Rxd3 Nxd3 19. Qxd3 e6 20. Bh3 Rxc1+ 21. Rxc1 exd5 22. exd5 Bxb2 23. Rd1 Bxa3 24. Ra1 Bxb3 25. Qxb3 Bc5 26. Qxb7 Bxf2+ 27. Kh1 Bb6 28. Rf1 h5 29. Qd7 Qxd7 30. Bxd7 Rd8 31. Bc6 Bc7 32. Kg2 a5 33. Rf3 Kg7 34. h4 Rb8 35. Kh3 Bd6 36. Ba4 Rb4 37. Be8 f5 38. Rc3 Rg4 39. Bd7 a4 40. Bb5 a3 41. Bc4 Be5 42. Re3 Rxc4 43. Rxe5 Ra4 44. d6 a2 0-1

[Event "EUR-ch"]
[Site "Skopje MKD"]
[Date "2019.03.19"]
[Round "2.39"]
[White "Golubka, Petro"]
[Black "Esipenko, Andrey"]
[Result "1-0"]
[WhiteElo "2468"]
[BlackElo "2603"]
[WhiteFideId "-1"]
[BlackFideId "-1"]
[PlyCount "119"]
[GameId "2130307610743396"]
[EventDate "2019.03.18"]
[EventType "swiss"]
[EventRounds "11"]
[EventCountry "MKD"]
[SourceTitle "10 Days #574"]
[Source "ChessMix"]
[SourceDate "2019.04.01"]
[SourceVersion "1"]
[SourceVersionDate "2019.04.01"]
[SourceQuality "1"]

1. e4 e5 2. Nf3 Nc6 3. Bb5 a6 4. Ba4 Nf6 5. d3 d6 6. c3 g6 7. O-O Bg7 8. Nbd2 O-O 9. Re1 b5 10. Bc2 Bb7 11. a3 a5 12. a4 b4 13. Bb3 Kh8 14. Nf1 Nh5 15. Ng3 Nxg3 16. hxg3 Qd7 17. Bd5 Rab8 18. Be3 f5 19. exf5 Qxf5 20. Ng5 bxc3 21. bxc3 Nd8 22. Be4 Qd7 23. Rb1 d5 24. Bf3 h6 25. Bg4 Qd6 26. Nf3 Nc6 27. Rb5 Rfe8 28. Bc5 Qd8 29. Qb3 Ba6 30. Rxb8 Nxb8 31. d4 Nc6 32. Nxe5 Nxe5 33. dxe5 Rxe5 34. Rxe5 Bxe5 35. Bd4 Bg7 36. Qb1 Kh7 37. Qe1 c6 38. Qe6 Bxd4 39. cxd4 Qc7 40. Qe8 Qg7 41. Be6 Bc4 42. Qxc6 Qxd4 43. Qc7+ Qg7 44. Qxa5 h5 45. Qd8 Qe5 46. Qe7+ Qg7 47. Qe8 Qc3 48. f4 Qd4+ 49. Kh2 Qg7 50. a5 Kh6 51. Qd8 Qd4 52. Bf7 Qg7 53. Bxd5 Bxd5 54. Qxd5 Qa7 55. Qg8 Qd4 56. Qf8+ Kh7 57. Qe7+ Kg8 58. a6 h4 59. a7 hxg3+ 60. Kh3 1-0

[Event "EUR-ch"]
[Site "Skopje MKD"]
[Date "2019.03.20"]
[Round "3.18"]
[White "Golubka, Petro"]
[Black "Gordievsky, Dmitry"]
[Result "1/2-1/2"]
[WhiteElo "2468"]
[BlackElo "2603"]
[WhiteFideId "-1"]
[BlackFideId "-1"]
[PlyCount "187"]
[GameId "2130307610751745"]
[EventDate "2019.03.18"]
[EventType "swiss"]
[EventRounds "11"]
[EventCountry "MKD"]
[SourceTitle "10 Days #574"]
[Source "ChessMix"]
[SourceDate "2019.04.01"]
[SourceVersion "1"]
[SourceVersionDate "2019.04.01"]
[SourceQuality "1"]

1. e4 c5 2. Nf3 Nc6 3. d4 cxd4 4. Nxd4 Nf6 5. Nc3 e5 6. Ndb5 d6 7. Nd5 Nxd5 8. exd5 Ne7 9. c4 Nf5 10. Bd3 g6 11. Qa4 Bd7 12. Qb4 Be7 13. O-O O-O 14. Bxf5 Bxf5 15. Be3 b6 16. Rad1 g5 17. a4 a5 18. Qa3 Bg6 19. b4 axb4 20. Qxb4 f5 21. f3 f4 22. Bf2 h5 23. Nc3 Rb8 24. Ra1 g4 25. Kh1 Kh8 26. Rg1 Rg8 27. fxg4 hxg4 28. g3 f3 29. Rge1 Bf5 30. Nd1 Bf6 31. Ne3 Bd3 32. Qd2 Bh7 33. a5 bxa5 34. Rxa5 Rb7 35. c5 e4 36. Nc4 dxc5 37. Rxc5 Rb3 38. Rc6 Rd3 39. Qf4 Rf8 40. Bb6 f2 41. Qxf2 Bc3 42. Qc5 Qe8 43. Nd6 Qe7 44. Rc8 Rxc8 45. Qxc8+ Bg8 46. Nf5 Qf6 47. Rf1 Be5 48. Be3 Rxd5 49. Qe8 Bc3 50. Qxe4 Qg6 51. Kg1 Rd7 52. Qf4 Rf7 53. Bd4+ Bxd4+ 54. Qxd4+ Kh7 55. Qc5 Qg5 56. Rf4 Rb7 57. h4 Qd8 58. Ne3 Rb1+ 59. Nf1 Qb6 60. Qxb6 Rxb6 61. Rxg4 Rb2 62. Rd4 Kh6 63. Ne3 Bf7 64. g4 Ba2 65. Rd6+ Kh7 66. h5 Bb1 67. g5 Be4 68. Kf1 Rb5 69. g6+ Kh6 70. Ng4+ Kxh5 71. g7 Bh7 72. Rh6+ Kxg4 73. Rxh7 Rf5+ 74. Kg2 Rg5 75. Kf2 Rf5+ 76. Ke3 Re5+ 77. Kd4 Rg5 78. Rh1 Kf3 79. Rf1+ Kg2 80. Rf7 Kh3 81. Ke4 Kg3 82. Rd7 Kg4 83. Rd1 Kh3 84. Rd7 Kg4 85. Ra7 Kg3 86. Rb7 Kg4 87. Rb1 Kh3 88. Rh1+ Kg2 89. Rh7 Kg3 90. Kd4 Kf4 91. Rh4+ Kf3 92. Rh3+ Kf4 93. Rh1 Rxg7 94. Rf1+ 1/2-1/2

[Event "EUR-ch"]
[Site "Skopje MKD"]
[Date "2019.03.22"]
[Round "5.58"]
[White "Golubka, Petro"]
[Black "Georgiev, Kiril"]
[Result "1/2-1/2"]
[WhiteElo "2468"]
[BlackElo "2595"]
[WhiteFideId "-1"]
[BlackFideId "-1"]
[PlyCount "62"]
[GameId "2130307610772615"]
[EventDate "2019.03.18"]
[EventType "swiss"]
[EventRounds "11"]
[EventCountry "MKD"]
[SourceTitle "10 Days #574"]
[Source "ChessMix"]
[SourceDate "2019.04.01"]
[SourceVersion "1"]
[SourceVersionDate "2019.04.01"]
[SourceQuality "1"]

1. e4 e5 2. Nf3 Nc6 3. Bb5 Nf6 4. O-O Nxe4 5. d4 Nd6 6. Bxc6 dxc6 7. dxe5 Nf5 8. Qxd8+ Kxd8 9. Nc3 Ke8 10. b3 Ne7 11. Bb2 Bf5 12. Nd4 Bg6 13. e6 Nf5 14. exf7+ Kxf7 15. Nf3 Bd6 16. Ne4 Rhe8 17. Rfe1 Kg8 18. Nxd6 cxd6 19. h3 Rxe1+ 20. Rxe1 Re8 21. Rxe8+ Bxe8 22. Kf1 c5 23. a3 h6 24. g3 Kf7 25. h4 Bc6 26. Nd2 g6 27. Ke2 Ke6 28. Nf1 Be4 29. c4 Bc2 30. b4 Be4 31. Ne3 Nxe3 1/2-1/2

[Event "EUR-ch"]
[Site "Skopje MKD"]
[Date "2019.03.24"]
[Round "6.53"]
[White "Vocaturo, Daniele"]
[Black "Golubka, Petro"]
[Result "1/2-1/2"]
[WhiteElo "2616"]
[BlackElo "2468"]
[WhiteFideId "-1"]
[BlackFideId "-1"]
[PlyCount "102"]
[GameId "2130307610776881"]
[EventDate "2019.03.18"]
[EventType "swiss"]
[EventRounds "11"]
[EventCountry "MKD"]
[SourceTitle "10 Days #574"]
[Source "ChessMix"]
[SourceDate "2019.04.01"]
[SourceVersion "1"]
[SourceVersionDate "2019.04.01"]
[SourceQuality "1"]

1. d4 Nf6 2. Bg5 Ne4 3. Bf4 c5 4. f3 Nf6 5. d5 e6 6. e4 exd5 7. exd5 d6 8. c4 Be7 9. Nc3 O-O 10. Bd3 Nh5 11. Bd2 Na6 12. Nge2 Nb4 13. Bb1 Bh4+ 14. g3 Bf6 15. O-O Be5 16. a3 Na6 17. Bd3 f5 18. f4 Bf6 19. Qc2 g6 20. Kh1 Bg7 21. Ng1 Nc7 22. Nf3 Bd7 23. b4 cxb4 24. axb4 b5 25. cxb5 Qb8 26. Ra5 Rc8 27. Qb3 Qb7 28. Re1 Nf6 29. Bf1 Ne4 30. Nxe4 fxe4 31. Ng5 e3 32. Bxe3 Nxb5 33. Bg2 Nd4 34. Bxd4 Bxd4 35. Ne6 Bc3 36. Rb1 Qxb4 37. Qxb4 Bxb4 38. Rxb4 Rc1+ 39. Bf1 Bxe6 40. dxe6 Rxf1+ 41. Kg2 Re1 42. Rb7 Rxe6 43. Raxa7 Rxa7 44. Rxa7 Re2+ 45. Kh3 h6 46. Rd7 Rd2 47. g4 Rd3+ 48. Kh4 Rd4 49. Kg3 Rd3+ 50. Kf2 Rd2+ 51. Kg3 Rd3+ 1/2-1/2

[Event "EUR-ch"]
[Site "Skopje MKD"]
[Date "2019.03.25"]
[Round "7.59"]
[White "Golubka, Petro"]
[Black "Smirin, Ilia"]
[Result "1-0"]
[WhiteElo "2468"]
[BlackElo "2618"]
[WhiteFideId "-1"]
[BlackFideId "-1"]
[PlyCount "97"]
[GameId "2130307610789348"]
[EventDate "2019.03.18"]
[EventType "swiss"]
[EventRounds "11"]
[EventCountry "MKD"]
[SourceTitle "10 Days #574"]
[Source "ChessMix"]
[SourceDate "2019.04.01"]
[SourceVersion "1"]
[SourceVersionDate "2019.04.01"]
[SourceQuality "1"]

1. d4 Nf6 2. c4 g6 3. Nc3 Bg7 4. e4 d6 5. h3 O-O 6. Nf3 Na6 7. Be3 e5 8. d5 Nh5 9. g3 f5 10. exf5 gxf5 11. Ng5 Qe8 12. Be2 Nf6 13. Qd2 Nc5 14. O-O-O a6 15. Qc2 h6 16. Nf3 b5 17. Bxc5 dxc5 18. cxb5 Ne4 19. Nxe4 fxe4 20. Nd2 axb5 21. Qxc5 e3 22. fxe3 Rxa2 23. Kb1 Ra4 24. e4 Bd7 25. Qxc7 Qa8 26. Nb3 Ra7 27. Qc5 b4 28. Rhf1 Rb8 29. Qe3 Bxh3 30. Rh1 Bd7 31. Rxh6 Ba4 32. Rc6 Bxc6 33. dxc6 Rf7 34. Qc5 Rc8 35. Bc4 Rxc6 36. Qxb4 Rcf6 37. Bxf7+ Kxf7 38. Rd7+ Kg6 39. Rd6 Qf8 40. Rxf6+ Qxf6 41. Nd2 Qf2 42. Qc3 Kh5 43. Qf3+ Qxf3 44. Nxf3 Kg4 45. Nh4 Bf8 46. Kc2 Kxg3 47. Ng6 Bd6 48. Kd3 Kf3 49. b3 1-0

[Event "EUR-ch"]
[Site "Skopje MKD"]
[Date "2019.03.26"]
[Round "8.45"]
[White "Zhigalko, Sergei"]
[Black "Golubka, Petro"]
[Result "1/2-1/2"]
[WhiteElo "2604"]
[BlackElo "2468"]
[WhiteFideId "-1"]
[BlackFideId "-1"]
[PlyCount "86"]
[GameId "2130307610793602"]
[EventDate "2019.03.18"]
[EventType "swiss"]
[EventRounds "11"]
[EventCountry "MKD"]
[SourceTitle "10 Days #574"]
[Source "ChessMix"]
[SourceDate "2019.04.01"]
[SourceVersion "1"]
[SourceVersionDate "2019.04.01"]
[SourceQuality "1"]

1. e4 e5 2. Nf3 Nc6 3. Bb5 a6 4. Ba4 Nf6 5. O-O b5 6. Bb3 Be7 7. d4 d6 8. c3 Bg4 9. Be3 O-O 10. h3 Bh5 11. Nbd2 exd4 12. cxd4 Na5 13. Bc2 Nd7 14. b4 Nc4 15. Nxc4 bxc4 16. g4 Bg6 17. d5 Nf6 18. Qd4 c6 19. dxc6 d5 20. Ne5 Bxe4 21. Bxe4 Nxe4 22. Nd7 Bf6 23. Qxd5 Bxa1 24. Qxe4 Re8 25. Qxc4 Be5 26. Nxe5 Rxe5 27. c7 Qe8 28. Rc1 Rc8 29. Qxa6 h5 30. gxh5 Rxe3 31. Qxc8 Qxc8 32. fxe3 Kh7 33. Rc5 f5 34. b5 f4 35. exf4 g5 36. hxg6+ Kxg6 37. b6 Qd7 38. f5+ Kf6 39. c8=Q Qd1+ 40. Kf2 Qd2+ 41. Kf3 Qd3+ 42. Kf2 Qd2+ 43. Kf3 Qd3+ 1/2-1/2

[Event "EUR-ch"]
[Site "Skopje MKD"]
[Date "2019.03.27"]
[Round "9.47"]
[White "Golubka, Petro"]
[Black "Huschenbeth, Niclas"]
[Result "0-1"]
[WhiteElo "2468"]
[BlackElo "2594"]
[WhiteFideId "-1"]
[BlackFideId "-1"]
[PlyCount "148"]
[GameId "2130307610801968"]
[EventDate "2019.03.18"]
[EventType "swiss"]
[EventRounds "11"]
[EventCountry "MKD"]
[SourceTitle "10 Days #574"]
[Source "ChessMix"]
[SourceDate "2019.04.01"]
[SourceVersion "1"]
[SourceVersionDate "2019.04.01"]
[SourceQuality "1"]

1. e4 e5 2. Nf3 Nc6 3. Bb5 a6 4. Ba4 d6 5. Bxc6+ bxc6 6. d4 f6 7. Nc3 g6 8. h4 Bg4 9. Be3 Bg7 10. Qd2 Ne7 11. dxe5 fxe5 12. Nh2 Be6 13. h5 h6 14. hxg6 Nxg6 15. Nf3 Qf6 16. O-O-O Nf4 17. Bxf4 Qxf4 18. Qxf4 exf4 19. Nd4 Kd7 20. Nce2 Raf8 21. Rh4 Bf6 22. Rhh1 Bc4 23. b3 Bxe2 24. Nxe2 f3 25. gxf3 Bg5+ 26. f4 Bxf4+ 27. Kb1 Be5 28. Rdf1 Rf3 29. Ng1 Rf6 30. Ne2 Rf3 31. Ng1 Rf4 32. f3 Rhf8 33. Rxh6 Rxe4 34. Rd1 Re3 35. Rh4 Bc3 36. Rh7+ Kc8 37. Rh2 Rfe8 38. Rh1 Be5 39. Rf1 Rf8 40. Rh4 Bc3 41. Rh1 a5 42. Rd1 a4 43. Rh4 axb3 44. cxb3 d5 45. Kc2 Bf6 46. Rf4 Re6 47. Rd2 Rfe8 48. Nh3 Rh8 49. Ng1 Bg5 50. Ra4 Kd7 51. Rg2 Bf6 52. Ne2 Re3 53. f4 Rhe8 54. Kd2 Rf3 55. Rh2 Rf1 56. Kc2 Re1 57. Nc1 Kd6 58. Rh6 R8e6 59. Rh2 c5 60. Ra6+ c6 61. Nd3 R1e4 62. f5 Re2+ 63. Rxe2 Rxe2+ 64. Kd1 Rh2 65. a4 Bg5 66. Ne1 Rd2+ 67. Kc1 Rf2+ 68. Kd1 d4 69. f6 Rd2+ 70. Kc1 Rf2+ 71. Kd1 d3 72. f7 Rd2+ 73. Kc1 Rf2+ 74. Kd1 d2 0-1

[Event "EUR-ch"]
[Site "Skopje MKD"]
[Date "2019.03.28"]
[Round "10.53"]
[White "Indjic, Aleksandar"]
[Black "Golubka, Petro"]
[Result "1-0"]
[WhiteElo "2620"]
[BlackElo "2468"]
[WhiteFideId "-1"]
[BlackFideId "-1"]
[PlyCount "73"]
[GameId "2130307610810333"]
[EventDate "2019.03.18"]
[EventType "swiss"]
[EventRounds "11"]
[EventCountry "MKD"]
[SourceTitle "10 Days #574"]
[Source "ChessMix"]
[SourceDate "2019.04.01"]
[SourceVersion "1"]
[SourceVersionDate "2019.04.01"]
[SourceQuality "1"]

1. Nf3 Nf6 2. c4 g6 3. Nc3 d5 4. cxd5 Nxd5 5. h4 Bg7 6. h5 Nc6 7. g3 Bf5 8. Qb3 Ndb4 9. d3 Be6 10. Qa4 Bd7 11. Qd1 Bg4 12. h6 Bf6 13. Nh2 Be6 14. Bg2 O-O 15. O-O Qd7 16. a3 Nd5 17. Ne4 b6 18. Nxf6+ exf6 19. Bd2 a5 20. Rc1 Rad8 21. Rxc6 Qxc6 22. e4 Ne7 23. Bc3 Bc8 24. d4 Qd6 25. d5 c6 26. Qd4 cxd5 27. exd5 Rfe8 28. Rd1 Bd7 29. g4 Rc8 30. Nf3 Rxc3 31. bxc3 Nc8 32. Nd2 Qxa3 33. Ne4 Rxe4 34. Qxf6 Qf8 35. Bxe4 Bxg4 36. d6 Bd7 37. Bc6 1-0

[Event "EUR-ch"]
[Site "Skopje MKD"]
[Date "2019.03.29"]
[Round "11.92"]
[White "Golubka, Petro"]
[Black "Gines Esteo, Pedro Antonio"]
[Result "1-0"]
[WhiteElo "2468"]
[BlackElo "2372"]
[WhiteFideId "-1"]
[BlackFideId "-1"]
[PlyCount "95"]
[GameId "2130307610822818"]
[EventDate "2019.03.18"]
[EventType "swiss"]
[EventRounds "11"]
[EventCountry "MKD"]
[SourceTitle "10 Days #574"]
[Source "ChessMix"]
[SourceDate "2019.04.01"]
[SourceVersion "1"]
[SourceVersionDate "2019.04.01"]
[SourceQuality "1"]

1. e4 c6 2. d4 d5 3. Nd2 dxe4 4. Nxe4 Bf5 5. Ng3 Bg6 6. h4 h6 7. h5 Bh7 8. Nf3 Nd7 9. Bd3 Bxd3 10. Qxd3 e6 11. Bf4 Qa5+ 12. Bd2 Bb4 13. c3 Be7 14. a4 Ngf6 15. b4 Qc7 16. c4 O-O 17. Bc3 a5 18. bxa5 c5 19. d5 exd5 20. cxd5 c4 21. Qf5 Rxa5 22. Bxa5 Qxa5+ 23. Kf1 c3 24. d6 Qa6+ 25. Qb5 Bxd6 26. Nf5 Bb4 27. Rh4 Nd5 28. Rd1 N7f6 29. Qxa6 bxa6 30. Ne1 g6 31. Nxh6+ Kg7 32. Ng4 a5 33. h6+ Kh7 34. Nxf6+ Nxf6 35. Nc2 g5 36. Rc4 Rb8 37. Rc6 Ng4 38. Rd5 Nxh6 39. Rb5 Rd8 40. Nxb4 Rd1+ 41. Ke2 Rd2+ 42. Ke1 axb4 43. Rxb4 Rc2 44. Rbc4 Ra2 45. Rxc3 Rxa4 46. Rh3 Rh4 47. Rxh4 gxh4 48. Rf6 1-0

[Event "Elite Hotels op"]
[Site "Vaxjo SWE"]
[Date "2019.02.08"]
[Round "1.5"]
[White "Golubka, Petro"]
[Black "Garner, Marten"]
[Result "1-0"]
[WhiteElo "2471"]
[BlackElo "1905"]
[WhiteFideId "-1"]
[BlackFideId "-1"]
[PlyCount "39"]
[GameId "2130307611481919"]
[EventDate "2019.02.08"]
[EventType "swiss"]
[EventRounds "8"]
[EventCountry "SWE"]
[SourceTitle "10 Days #570"]
[Source "ChessMix"]
[SourceDate "2019.02.20"]
[SourceVersion "1"]
[SourceVersionDate "2019.02.20"]
[SourceQuality "1"]

1. e4 e6 2. d4 d5 3. Bd3 c5 4. c3 Nf6 5. e5 Nfd7 6. Nf3 Nc6 7. O-O Be7 8. Re1 O-O 9. a3 Qb6 10. b4 cxd4 11. cxd4 a6 12. Nc3 Qa7 13. Be3 Nb6 14. Qc2 g6 15. h4 Nc4 16. Bxc4 dxc4 17. d5 Qb8 18. dxc6 bxc6 19. Ne4 a5 20. Bc5 1-0

[Event "Elite Hotels op"]
[Site "Vaxjo SWE"]
[Date "2019.02.08"]
[Round "2.5"]
[White "Torngren, Gustav"]
[Black "Golubka, Petro"]
[Result "1/2-1/2"]
[WhiteElo "2057"]
[BlackElo "2471"]
[WhiteFideId "-1"]
[BlackFideId "-1"]
[PlyCount "168"]
[GameId "2130307611486031"]
[EventDate "2019.02.08"]
[EventType "swiss"]
[EventRounds "8"]
[EventCountry "SWE"]
[SourceTitle "10 Days #570"]
[Source "ChessMix"]
[SourceDate "2019.02.20"]
[SourceVersion "1"]
[SourceVersionDate "2019.02.20"]
[SourceQuality "1"]

1. d4 Nf6 2. c4 g6 3. Nc3 d5 4. cxd5 Nxd5 5. Bd2 Bg7 6. e4 Nb6 7. Be3 O-O 8. h3 e5 9. d5 c6 10. dxc6 Nxc6 11. Nf3 Nd4 12. Be2 Be6 13. O-O Nxe2+ 14. Nxe2 Nc4 15. Bc1 Nd6 16. Nc3 b5 17. Be3 Rc8 18. Ng5 Bc4 19. Re1 b4 20. Nd5 Nxe4 21. Nxe4 Qxd5 22. Qxd5 Bxd5 23. Bc5 f5 24. Bxf8 Kxf8 25. Ng5 h6 26. Rad1 Rc5 27. Nf3 e4 28. Nd4 Bf7 29. b3 Bd5 30. Ne2 Be5 31. g3 g5 32. Nd4 f4 33. gxf4 gxf4 34. Rxe4 Bxe4 35. Ne6+ Ke7 36. Nxc5 Bc6 37. Nd3 Bd6 38. Rc1 Bb5 39. Nb2 a6 40. Nc4 Bc7 41. Re1+ Kf6 42. Nd2 Be5 43. Rc1 Ke6 44. Re1 Kd5 45. Nf3 Bf6 46. Kg2 Bc6 47. Rd1+ Ke6 48. Re1+ Kf5 49. Rd1 Ke6 50. Rc1 Kd6 51. Rc4 Bc3 52. Rxf4 a5 53. Rh4 Bg7 54. Rg4 Bc3 55. Rg6+ Kd7 56. Kg3 h5 57. Kf4 Bd5 58. Ne5+ Kc7 59. Rg7+ Kd6 60. Rg6+ Kc7 61. Ra6 Bg2 62. h4 Bd2+ 63. Kg3 Be4 64. Rxa5 Bc3 65. Nc4 Bb1 66. f4 Kd7 67. Ra6 Be1+ 68. Kf3 Bxh4 69. Ne5+ Kc7 70. Rc6+ Kb7 71. Rc1 Bxa2 72. Ke3 Bf6 73. Rc4 Be7 74. Nd3 h4 75. Nxb4 Bxb3 76. Re4 Bc5+ 77. Ke2 h3 78. Nd3 h2 79. Nxc5+ Kc6 80. Nxb3 h1=Q 81. Na5+ Kd7 82. Re5 Qg2+ 83. Ke3 Qg3+ 84. Ke4 Qg2+ 1/2-1/2

[Event "Elite Hotels op"]
[Site "Vaxjo SWE"]
[Date "2019.02.08"]
[Round "3.15"]
[White "Golubka, Petro"]
[Black "Wernberg, Hugo"]
[Result "1-0"]
[WhiteElo "2471"]
[BlackElo "1994"]
[WhiteFideId "-1"]
[BlackFideId "-1"]
[PlyCount "79"]
[GameId "2130307611486057"]
[EventDate "2019.02.08"]
[EventType "swiss"]
[EventRounds "8"]
[EventCountry "SWE"]
[SourceTitle "10 Days #570"]
[Source "ChessMix"]
[SourceDate "2019.02.20"]
[SourceVersion "1"]
[SourceVersionDate "2019.02.20"]
[SourceQuality "1"]

1. e4 c5 2. Nf3 d6 3. d4 cxd4 4. Nxd4 Nf6 5. Nc3 a6 6. Bc4 e6 7. f4 b5 8. Bb3 Bb7 9. O-O Be7 10. e5 Ne4 11. Nxe4 Bxe4 12. Qe2 Bg6 13. f5 exf5 14. Nxf5 O-O 15. Bd5 Ra7 16. Be3 Rc7 17. Bb6 dxe5 18. Qxe5 Bf6 19. Bxc7 Bxe5 20. Bxd8 Rxd8 21. Ne7+ Kh8 22. Nxg6+ fxg6 23. c3 Nd7 24. Rae1 Bd6 25. Bb7 Nc5 26. Rf7 h6 27. g3 Nd3 28. Re2 Ne5 29. Rf1 a5 30. Kg2 Rb8 31. Bd5 b4 32. c4 Kh7 33. c5 Bc7 34. c6 Rb5 35. Be4 Rc5 36. Rc2 Nc4 37. Kh1 Bb6 38. Rfc1 Nd6 39. Rxc5 Nxe4 40. c7 1-0